00755nam a22001937a 450000500170000001000150001702000260003203500130005803700130007108200110008424501630009526000350025827000580029330000190035170000260037094200250039699900170042195201230043820131011144843.0 aENG-108087 c395.00a9789381130124 aEN-91620 bDBAD/PUB a883.08 aShowcasing the author :cedited by Sumakiran Kolakaluriba collection of translation of Kolakaluri Enoch's Telugu writings and critical essays on his works /  aDelhibYash Publicationsc2013 a1/10753, Subhash Park, Naveen ShahdarabDelhie110032 a92p.c22cm(Hb) aKolakaluri, Sumakiran 2ddccENmSHOh883.08 c77706d77706 001040718FICaDBADbDBADd2013-07-18eDBAD/PUBg395.00l0o883.08 SHOpEN-91620r2013-07-18 00:00:00t1v395.00yEN